Central Library OPAC University of Rajshahi

Classified cataloguing : (Record no. 467)

MARC details
000 -LEADER
fixed length control field 00786cam a22002651 4500
001 - CONTROL NUMBER
control field 467
003 - CONTROL NUMBER IDENTIFIER
rucl marc code BD-RjUL
005 - DATE AND TIME OF LATEST TRANSACTION
control field 20211208233202.0
008 - FIXED-LENGTH DATA ELEMENTS--GENERAL INFORMATION
fixed length control field 740504s1966 sa a bc 000 0 eng
035 ## - SYSTEM CONTROL NUMBER
System control number (BD-RjUL)
040 ## - CATALOGING SOURCE
Original cataloging agency DLC
Transcribing agency DLC
Modifying agency DLC
-- BD-RjUL
Language of cataloging eng
041 ## - LANGUAGE CODE
Language code of text/sound track or separate title eng
082 00 - DEWEY DECIMAL CLASSIFICATION NUMBER
Classification number 025.4
Edition number 16
Author mark and year KEC 1966
100 1# - MAIN ENTRY--PERSONAL NAME
Personal name Kennedy, Reginald Frank.
9 (RLIN) 1446
245 10 - TITLE STATEMENT
Title Classified cataloguing :
Remainder of title a practical guide /
Statement of responsibility, etc. by R. F. Kennedy.
260 ## - PUBLICATION, DISTRIBUTION, ETC. (IMPRINT)
Place of publication, distribution, etc. Cape Town :
Name of publisher, distributor, etc. A. A. Balkema,
Date of publication, distribution, etc. 1966.
300 ## - PHYSICAL DESCRIPTION
Pagination 90 p. :
Illustrations illus. ;
Size 24 cm.
490 0# - SERIES STATEMENT
Series statement Balkema academic and technical publications
504 ## - BIBLIOGRAPHY, ETC. NOTE
Bibliography, etc Bibliography: p. 64-68.
650 #0 - SUBJECT ADDED ENTRY--TOPICAL TERM
Topical term or geographic name as entry element Classified catalogs (Dewey decimal)
9 (RLIN) 1447
Topical term or geographic name as entry element Cataloging.
9 (RLIN) 1448
942 ## - ADDED ENTRY ELEMENTS (KOHA)
Source of classification or shelving scheme Dewey Decimal Classification
Koha item type Books
Holdings
Lost status Source of classification or shelving scheme Damaged status Not for loan Collection code Permanent Location Current Location Shelving location Date acquired Source of acquisition Cost, normal purchase price Total Checkouts Full call number Date last seen Copy number Koha item type
  Dewey Decimal Classification     Non-fiction Central Library, University of Rajshahi Central Library, University of Rajshahi   27/07/1970 Zeitlinger 25.00   025.4 KEC 1966 18/11/2013 C-3 Books
  Dewey Decimal Classification     Non-fiction Central Library, University of Rajshahi Central Library, University of Rajshahi   27/07/1970 Zeitlinger 25.00   025.4 KEC 1966 18/11/2013 C-4 Books
  Dewey Decimal Classification     Non-fiction Central Library, University of Rajshahi Central Library, University of Rajshahi   27/07/1970 Zeitlinger 25.00   025.4 KEC 1966 18/11/2013 C-5 Books
  Dewey Decimal Classification     Non-fiction Central Library, University of Rajshahi Central Library, University of Rajshahi   27/07/1970 Zeittinger 25.00   025.4 KEC 1966 18/11/2013 C-2 Books
  Dewey Decimal Classification   Not For Loan Non-fiction Central Library, University of Rajshahi Central Library, University of Rajshahi Reading Room 02/07/1970 Swets & Zeithinger 25.00   025.4 KEC 1966 01/12/2016 C-1 Books